Normal view
MARC view
- Kashyap C.S
Entry Personal Name
001 - CONTROL NUMBER
- control field: 121214
003 - CONTROL NUMBER IDENTIFIER
- control field: OSt
005 - DATE AND TIME OF LATEST TRANSACTION
- control field: 20230313121358.0
008 - FIXED-LENGTH DATA ELEMENTS
- fixed length control field: 230313|| aca||aabn | a|a d
040 ## - CATALOGING SOURCE
- Original cataloging agency: OSt
- Transcribing agency: OSt
100 ## - HEADING--PERSONAL NAME
- Personal name: Kashyap C.S
670 ## - SOURCE DATA FOUND
- Source citation: Work cat.: (OSt)100073: Kashyap C.S., 100 Best Parliamentary Speeches 1947-97